00608nac a22001931u 4500010001600000082001500016090001500031100003400046245005300080260004300133300001400176500001500190500003500205650002300240700001700263942001700280999001500297952010200312 aunk83022749 a051bM2893 c2977d2977 aMakepeace, William. 00aVanity fair /bBy William Makepeace ,Tha Ckeray. aLondon:cOdham Press Limited,bc.1848. a1 v.bcm. aDonations. aDonations - Dr. Mostafa Gouda. aEnglish-Literature aCkeray ,Tha. cBBk051M2893 c2977d2977 00104070aMAINbMAINcLOWd2014-03-07ePurchasel0o051 MAKp000001232r2025-07-15 00:00:00yBB